Score 0/10 Timer 03:00
13 Plays Today
Capital % Correct
Paris, France
98.4%
Rome, Italy
97.4%
Bern, Switzerland
88.4%
Vatican City, Vatican City
78.6%
San Marino, San Marino
74.5%
Luxembourg, Luxembourg
68.1%
Vaduz, Liechtenstein
64.6%
Andorra la Vella, Andorra
60.2%
Zagreb, Croatia
51.9%
Ljubljana, Slovenia
45.4%
Remove Ads.
Support Sporcle.
Get the best of Sporcle when you Go Orange. This ad-free experience offers more features, more stats, and more fun while also helping to support Sporcle. Thank you for becoming a member.

You're not logged in!

Compare scores with friends on all Sporcle quizzes.
OR
Log In

Show Comments

Extras

Top Quizzes Today


Score Distribution

Your Account Isn't Verified!

In order to create a playlist on Sporcle, you need to verify the email address you used during registration. Go to your Sporcle Settings to finish the process.

Report this User

Report this user for behavior that violates our Community Guidelines.

Details: